The Berenstain Bears' seashore treasure / (Record no. 4265)

MARC details
000 -LEADER
fixed length control field 01148cam a2200361 a 4500
001 - CONTROL NUMBER
control field 4265
003 - CONTROL NUMBER IDENTIFIER
control field FISKH
005 - DATE AND TIME OF LATEST TRANSACTION
control field 20240711083035.0
008 - FIXED-LENGTH DATA ELEMENTS--GENERAL INFORMATION
fixed length control field 040628s2005 nyua b 000 1 eng
010 ## - LIBRARY OF CONGRESS CONTROL NUMBER
LC control number 2004014424
020 ## - INTERNATIONAL STANDARD BOOK NUMBER
International Standard Book Number 0060583401
020 ## - INTERNATIONAL STANDARD BOOK NUMBER
International Standard Book Number 9780060583415
020 ## - INTERNATIONAL STANDARD BOOK NUMBER
International Standard Book Number 006058341X (pbk.)
040 ## - CATALOGING SOURCE
Original cataloging agency DLC
Transcribing agency DLC
Modifying agency DLC
Language of cataloging eng
050 ## - LIBRARY OF CONGRESS CALL NUMBER
Classification number PZ7.B4483
082 ## - DEWEY DECIMAL CLASSIFICATION NUMBER
Classification number 813.5
100 1# - MAIN ENTRY--PERSONAL NAME
Personal name Berenstain, Stan,
Dates associated with a name 1923-2005.
245 14 - TITLE STATEMENT
Title The Berenstain Bears' seashore treasure /
Statement of responsibility, etc. Stan & Jan Berenstain.
260 ## - PUBLICATION, DISTRIBUTION, ETC.
Place of publication, distribution, etc. New York :
Name of publisher, distributor, etc. HarperCollins,
Date of publication, distribution, etc. 2005.
300 ## - PHYSICAL DESCRIPTION
Extent 30 unnumbered pages :
Other physical details color illustrations ;
Dimensions 23 cm
440 #3 - SERIES STATEMENT/ADDED ENTRY--TITLE
Title An I can read book
500 ## - GENERAL NOTE
General note "Beginning reading 1."
520 ## - SUMMARY, ETC.
Summary, etc. When the Bear family goes to the seashore, they find a map which they hope will lead them to buried treasure.
521 8# - TARGET AUDIENCE NOTE
Target audience note 460<br/>
Source Lexile<br/>
521 8# - TARGET AUDIENCE NOTE
Target audience note I<br/>
Source Raz-Plus<br/>
650 #1 - SUBJECT ADDED ENTRY--TOPICAL TERM
Topical term or geographic name entry element Seashore
Form subdivision Fiction.
650 #1 - SUBJECT ADDED ENTRY--TOPICAL TERM
Topical term or geographic name entry element Buried treasure
Form subdivision Fiction.
650 #1 - SUBJECT ADDED ENTRY--TOPICAL TERM
Topical term or geographic name entry element Bears
Form subdivision Fiction.
700 1# - ADDED ENTRY--PERSONAL NAME
Personal name Berenstain, Jan,
Dates associated with a name 1923-2012.
906 ## - LOCAL DATA ELEMENT F, LDF (RLIN)
a 7
b cbc
c orignew
d 1
e ecip
f 20
g y-gencatlg
942 ## - ADDED ENTRY ELEMENTS (KOHA)
Source of classification or shelving scheme Dewey Decimal Classification
Koha item type Books
Suppress in OPAC No
Holdings
Withdrawn status Lost status Source of classification or shelving scheme Damaged status Not for loan Collection Home library Current library Shelving location Date acquired Total Checkouts Full call number Barcode Date last seen Price effective from Koha item type
    Dewey Decimal Classification     Juvenile Fiction Footprints International School Library Network Toul Kork Campus Footprints International School Library Network Toul Kork Campus TK Primary Library Room(4th Floor), Bookcase 1&2, Shelves 1-16, Dark Blue Books 07/11/2024   BER 813.5 PZ7.B4483 FISTK01140 07/11/2024 07/11/2024 Books